Grammar of Arabic language (Record no. 952297)

MARC details
000 -LEADER
fixed length control field 00874nam a2200277Ia 4500
003 - CONTROL NUMBER IDENTIFIER
control field OSt
005 - DATE AND TIME OF LATEST TRANSACTION
control field 20221005043713.0
008 - FIXED-LENGTH DATA ELEMENTS--GENERAL INFORMATION
fixed length control field 221004b |||||||| |||| 00| 0 eng d
020 ## - INTERNATIONAL STANDARD BOOK NUMBER
International Standard Book Number 8182901235 (hbk)
037 ## - SOURCE OF ACQUISITION
Terms of availability Textual
040 ## - CATALOGING SOURCE
Original cataloging agency CRL
Transcribing agency CRL
Language of cataloging eng
041 ## - LANGUAGE CODE
Source of code eng
Language code of text/sound track or separate title eng
100 ## - MAIN ENTRY--PERSONAL NAME
Personal name Bahr - ul Uloom
9 (RLIN) 591836
245 #0 - TITLE STATEMENT
Title Grammar of Arabic language
260 ## - PUBLICATION, DISTRIBUTION, ETC.
Place of publication, distribution, etc. Gurgaon
Name of publisher, distributor, etc. Shubhi Publications India
Date of publication, distribution, etc. 2007
300 ## - PHYSICAL DESCRIPTION
Extent xviii, 263p.
Dimensions cm.
650 ## - SUBJECT ADDED ENTRY--TOPICAL TERM
Topical term or geographic name entry element LINGUISTICS
700 ## - ADDED ENTRY--PERSONAL NAME
Personal name Obaidullah - el - Obaidi
9 (RLIN) 591837
700 ## - ADDED ENTRY--PERSONAL NAME
Personal name Suhrawardy
9 (RLIN) 591838
942 ## - ADDED ENTRY ELEMENTS (KOHA)
Classification part P28:3, 111P7
Koha item type Textual
Source of classification or shelving scheme
Holdings
Withdrawn status Lost status Damaged status Not for loan Home library Current library Date acquired Source of acquisition Cost, normal purchase price Total Checkouts Full call number Barcode Date last seen Cost, replacement price Price effective from Koha item type
        Central Library Central Library 2022-10-05 2011, 22/11/2007, The Book Seller 595.00   P28:3 111P7 CL1182025 2022-10-05 595.00 2022-10-05 Textual
Copyright @ Delhi University Library System